| 000 | 01671nam a2200349 a 4500 | ||
|---|---|---|---|
| 003 | OSt | ||
| 005 | 20250827095647.0 | ||
| 007 | cr ||||||a|c|a | ||
| 008 | 240426s2023 mx a|||fom||| 001 0 spa d | ||
| 040 | _erda | ||
| 100 | 1 |
_9189026 _aSoria Olivares, Abraham |
|
| 245 | 1 | 0 |
_aCianocobalamina (vitamina B12) en el comportamiento y calidad de carne de corderos / _cpor Abraham Soria Olivarez; director de tesis Carlos Sánchez del Real; secretario José Luis Zaragoza Ramírez; vocal Jaime Gallegos Sánchez; suplente José Luis Castrellón Montelongo; suplente Denisse Vergara Avila. |
| 264 | 1 |
_aChapingo, México : _bEl autor, _c2023. |
|
| 300 |
_a1 recurso en línea (45 páginas): _bfiguras, gráficas. |
||
| 336 |
_2rdacontent _atexto _btxt |
||
| 337 |
_2rdamedia _acomputadora _bc |
||
| 338 |
_2rdacarrier _arecurso en línea _bcr |
||
| 502 |
_bIAEZ _cZootecnía _d2023. _gLIC |
||
| 504 | _aIncluye referencias bibliográficas: páginas 31-35. | ||
| 650 | 4 |
_9143276 _aCerdos en engorda |
|
| 650 | 4 |
_9127154 _aGanado lanar _xAnabólicos efecto en |
|
| 650 | 2 |
_aGanado lanar _xNutrición _xSuplementos _9134940 |
|
| 650 | 4 |
_945211 _aGanado lanar _xPeso |
|
| 650 | 4 |
_919123 _aCarne de borrego en canal |
|
| 700 | 1 |
_9107464 _aSánchez del Real, Carlos _eDirector de tesis. |
|
| 700 | 1 |
_9123684 _aZaragoza Ramírez, José Luis _eSecretario. |
|
| 700 | 1 |
_9118876 _aVergara Avila, Denisse _eVocal. |
|
| 700 | 1 |
_920312 _aCastrellón Montelongo, Jaime _eSuplente. |
|
| 700 | 1 |
_9118876 _aVergara Avila, Denisse _eSuplente. |
|
| 856 |
_uhttp://10.13.5.2/tesis/tl/1312510-4_SORIA_OLIVARES_ABRAHAM.pdf _zDESCARGAR PDF |
||
| 942 |
_2Clasificación Universidad Autónoma Chapingo _cTD |
||
| 999 |
_c219886 _d219886 |
||